Investigaciones filosóficas (Registro nro. 36026)

Detalles MARC
000 -ENCABEZADO
Número de control [NR] 00722nam a2200193Ia 4500
005 - FECHA Y HORA DE LA ÚLTIMA TRANSACCIÓN
control field 20250910141345.0
008 - DE LONGITUD FIJA DE DATOS DE ELEMENTOS - INFORMACIÓN GENERAL
Elementos de longitud fija [NR] 130821s1988 sp gr spa
020 ## - NUMERO INTERNACIONAL NORMALIZADO PARA LIBROS [R]
Número Internacional Normalizado del libro [NR] 8474233437
040 ## - FUENTE DE CATALOGACION [NR]
Agencia de catalogación original [NR] Co-BoUCM
Idioma de catalogación [NR] spa
Quien Cataloga Deissy Garcia (modificó)
Quien Clasifica David Moreno (modificó)
041 00 - CODIGO DE IDIOMA [R]
Código de idioma para texto/pista de sonido o título separado [R] Español
100 1# - ASIENTO PRINCIPAL--NOMBRE PERSONAL [NR]
Nombre personal [NR] Wittgenstein, Ludwig Josef Johann
Fechas asociadas con el nombre [NR] 1889-1951
ID Autoridad 67575
245 10 - MENCION DE TITULO [NR]
Título [NR] Investigaciones filosóficas
Mención de responsabilidad, etc. [NR] Ludwig Wittgenstein ; traducción castellana de Alfonso García Suárez y Ulises Moulines
260 ## - PUBLICACION, DISTRIBUCION, ETC. (PIE DE IMPRENTA) [R]
Lugar de publicación, distribución, etc. [R] Barcelona, España
Fecha de publicación, distribución, etc. [R] 1988
300 ## - DESCRIPCION FISICA [R]
Extensión [R] 547 Páginas
650 04 - ASIENTO SECUNDARIO DE MATERIA - TERMINO TEMATICO [R]
Término temático o nombre geográfico como elemento de entrada [NR] Análisis (Filosofía)
9 (RLIN) 8941
650 04 - ASIENTO SECUNDARIO DE MATERIA - TERMINO TEMATICO [R]
Término temático o nombre geográfico como elemento de entrada [NR] Investigación
9 (RLIN) 17968
942 ## - ELEMENTOS DE ENTRADA AGREGADOS (KOHA)
Tipo de ítem principal el descrito en 300a Libro
Tema principal Filosofía
Edición 1
Parte restante de la signatura top. W831a
Sistema de clasificación DEWEY
Clasificación 160
Título oculto en OPAC No
Existencias
Fecha de último préstamo Total préstamos Total Renewals Signatura topográfica Código de barras Última vez visto Ejemplar Price effective from Tipo de ítem Perdido Sistema de clasificación Dañado No prestable Tipo de ítem específico Suprimido Ubicación habitual Ubicación actual Localización Fecha de creación Forma de adquisición Costo
12/02/2026 126 18 160 W831a 100030603 27/02/2026 Ej.1 03/02/2013 Libro   DEWEY     Libro   Claustro Claustro 2do piso 28/02/2003 Compra 21000.00